| 000 | 00811 a2200157 4500 | ||
|---|---|---|---|
| 020 | _a0784410496 | ||
| 020 | _a9780784410493 | ||
| 082 | _a624.151363 GE | ||
| 245 |
_aSlope stability, retaining walls, and foundations : _bselected papers from the 2009 GeoHunan International Conference, August 3-6, 2009, Changsha, Hunan, China / _chosted by Changsha University of Science and Technology, China ; co-sponsored by ASCE Geo-Institute, USA ... [et al.] ; edited by Louis Ge ... [et al.]. |
||
| 260 |
_aReston, Va. : _bAmerican Society of Civil Engineers, _c2009. |
||
| 300 |
_axi, 252 p. : _bill. ; _c22 cm. |
||
| 650 | _aSoil stabilization | ||
| 650 |
_aSlopes (Soil mechanics) _xStability |
||
| 650 |
_aRetaining walls _xDesign and construction |
||
| 650 |
_aFoundations _xDesign and construction |
||
| 830 | 0 | _aGeotechnical special publication ; | |
| 999 |
_c2307 _d2307 |
||